<?xml version="1.0" encoding="UTF-8"?>
<record
    xmlns:xsi="http://www.w3.org/2001/XMLSchema-instance"
    xsi:schemaLocation="http://www.loc.gov/MARC21/slim http://www.loc.gov/standards/marcxml/schema/MARC21slim.xsd"
    xmlns="http://www.loc.gov/MARC21/slim">

  <leader>00375nam a2200133Ia 4500</leader>
  <controlfield tag="008">240112s1958 FEB    xx            000 0 und d</controlfield>
  <datafield tag="022" ind1=" " ind2=" ">
    <subfield code="a">54-6097</subfield>
  </datafield>
  <datafield tag="041" ind1=" " ind2=" ">
    <subfield code="a">eng</subfield>
  </datafield>
  <datafield tag="082" ind1=" " ind2=" ">
    <subfield code="a">618.92705</subfield>
  </datafield>
  <datafield tag="100" ind1=" " ind2=" ">
    <subfield code="a">SCHAUFFLER G.C.</subfield>
  </datafield>
  <datafield tag="245" ind1=" " ind2=" ">
    <subfield code="a">PEDIATRIC CLINICS OF NORTH AMERICA: GYNECOLOGIC PROBLEMS, PEDIATRIC OPHTHALMOLOGY</subfield>
  </datafield>
  <datafield tag="260" ind1=" " ind2=" ">
    <subfield code="b">SAUNDERS </subfield>
    <subfield code="c">1958 FEB</subfield>
  </datafield>
  <datafield tag="300" ind1=" " ind2=" ">
    <subfield code="a">255,HB</subfield>
  </datafield>
  <datafield tag="999" ind1=" " ind2=" ">
    <subfield code="c">1141490</subfield>
    <subfield code="d">1141490</subfield>
  </datafield>
  <datafield tag="952" ind1=" " ind2=" ">
    <subfield code="0">0</subfield>
    <subfield code="1">0</subfield>
    <subfield code="4">0</subfield>
    <subfield code="7">0</subfield>
    <subfield code="8">PEADIATRICS</subfield>
    <subfield code="a">MCS</subfield>
    <subfield code="b">MCS</subfield>
    <subfield code="d">2024-01-16</subfield>
    <subfield code="e">RESEACRCH CO.</subfield>
    <subfield code="l">0</subfield>
    <subfield code="o">618.92705</subfield>
    <subfield code="p">MCS-BV-712</subfield>
    <subfield code="r">2024-01-16 00:00:00</subfield>
    <subfield code="w">2024-01-16</subfield>
    <subfield code="y">BJ</subfield>
  </datafield>
</record>
